كيف يعمل البرلمان؟ / (Record no. 5576)
[ view plain ]
| 000 -الفاتح | |
|---|---|
| حقل البيانات ثابتة الطول | 00967nac a22002051u 4500 |
| 008 - عناصر البيانات ثابتة الطول - معلومات عامة | |
| حقل البيانات ثابتة الطول | 090318s2004 xxu||||| |||| 00| 0 ara d |
| 020 ## - الرقم الدولى المعيارى للكتب | |
| الرقم الدولى المعيارى للكتاب | 9770910902 |
| 082 ## - رقم تصنيف ديوى العشرى | |
| رقم التصنيف | 320.941 |
| رقم المادة | س ي ل |
| 100 1# - المدخل الرئيسى - إسم شخصى | |
| الإسم الشخصى | سيلك ، بول |
| 9 (RLIN) | 20313 |
| 245 ## - بيان العنوان | |
| العنوان | كيف يعمل البرلمان؟ / |
| بيان المسئوليه,etc | بول سيلك ، رودرى والترز ؛ تعريب على الصاوى |
| 260 ## - PUBLICATION, DISTRIBUTION, ETC. (IMPRINT) | |
| مكان الناشر او الموزع | القاهرة : |
| اسم الناشر او الموزع | مكتبة الشروق الدولية ،2004 |
| تاريخ النشر أو التوزيع | 2004. |
| 300 ## - الوصف المادى | |
| التعداد | 431 ص ؛ |
| أبعاد الوعاء | 20 سم. |
| 500 ## - تبصرة عامة | |
| تبصرة عامة | يحتوى على فهارس |
| 511 ## - | |
| -- | Catalogued by: Sara |
| 651 ## - المدخل الاضافى بالموضوع - اسم جغرافى | |
| 9 (RLIN) | 21753 |
| الاسم الجغرافي | بريطانيا |
| التقسيم الفرعي العام | الهيئات التشريعية |
| 700 ## - المدخل الاضافى - اسم شخصى | |
| 9 (RLIN) | 20344 |
| الإسم الشخصى | والترز ، رودرى |
| 700 ## - المدخل الاضافى - اسم شخصى | |
| 9 (RLIN) | 20345 |
| الإسم الشخصى | الصاوى ، على |
| الدور | تعريب |
| 942 ## - عناصر المدخل الإضافي( كوها) | |
| Koha [default] item type | Book - Borrowing |
| سابقة رقم الطلب | 320.941س ي ل |
| مصدر التصنيف او مخطط الترفيف | Dewey Decimal Classification |
| حالة التراجع | حالة الفقد | مصدر التصنيف او خطة الترفيف | حالة تلف | ليس للاعارة | مجموعات كوها | المكان الدائم | المكان الحالي | موقع الترفيف | تاريخ الاكتساب | Source of acquisition | سعر الشراء الطبيعي | تعداد مسلسل / التسلسل الزمني | رقم الاستدعاء | الباركود | Date last seen | مُعار | نوع الوعاء |
|---|---|---|---|---|---|---|---|---|---|---|---|---|---|---|---|---|---|
| Dewey Decimal Classification | Alef-Baa | Central Library | Central Library | First floor | 09/01/2011 | 30.00 | 11396 | 320.941 س ي ل | 000006937 | 15/07/2025 | 27/11/2018 | Book - Borrowing |